| 000 | 01058cam a2200337Ia 4500 | ||
|---|---|---|---|
| 001 | 45005 | ||
| 005 | 20230410115445.0 | ||
| 008 | 940628s1983 sp a b 000 0 spa d | ||
| 035 | _a(OCoLC)ocm30681518 | ||
| 040 |
_aIUL _cIUL _dDRFGD |
||
| 020 | _a8429719644 | ||
| 020 | _a9788429719642 | ||
| 035 | _a(OCoLC)30681518 | ||
| 041 | 1 |
_aspa _hcat |
|
| 043 | _ae-sp--- | ||
| 050 | 1 | 4 |
_aHD 7106 _bN127h 1983 |
| 100 | 1 | _aNadal Oller, Jorge. | |
| 245 | 1 | 0 |
_aHistoria de la Caja de Pensiones : _bla "caixa" dentro del sistema financiero catalan / _cJordi Nadal, Carles Sudriáa. |
| 260 |
_aBarcelona : _b[The Caja], _c1983. |
||
| 300 |
_a540 p. : _bill. ; _c25 cm. |
||
| 500 | _aTít. Orig.: História de la Caixa de Pensions. | ||
| 504 | _aIncludes bibliographical references. | ||
| 610 | 2 | 0 |
_aCaja de Pensiones para la Vejez y de Ahorros _xHistory. |
| 650 | 0 | _aOld age pensions. | |
| 650 | 0 |
_aOld age pensions _zSpain. |
|
| 650 | 0 | _aPension trusts. | |
| 700 | 1 | _aSudriá, Carles. | |
| 942 |
_2lcc _cbk |
||
| 946 | _almminaya | ||
| 994 |
_aC0 _bDRFGD |
||
| 999 |
_c41556 _d41556 |
||